Iconic Group Nicknames - North American Sports - Statistics

General Stats
  • This quiz has been taken 93 times
    23 since last reset
  • The average score is 15 of 29
Answer Stats
Hint Answer % Correct
1992 USA Olympic Mens Basketball Team Dream Team
100%
1960s-1970s Minnesota Vikings Purple People Eaters
93%
1970-76 Cincinnati Reds Big Red Machine
86%
1919 Chicago White Sox Black Sox
86%
1970s Pittsburgh Steelers Steel Curtain
86%
1980s Detroit Pistons Bad Boys
79%
1990s University of Michigan Mens Basketball Team Fab Five
71%
1999-2002 St. Louis Rams Greatest Show on Turf
71%
1980s Los Angeles Lakers Showtime
64%
1970s Philadelphia Flyers Broad Street Bullies
57%
1980s Washington Redskins Hogs
57%
1940s Chicago Bears Monsters of the Midway
57%
1980s New York Jets New York Sack Exchange
57%
1927 New York Yankees Murderers' Row
50%
1977 Denver Broncos Orange Crush
50%
1969 New York Mets Amazin' ____
43%
2002-Present New York Yankees Evil Empire
43%
1972 Miami Dolphins NoName Defense
43%
1980s University of Houston Mens Basketball Team Phi Slamma Jamma
43%
1920s Notre Dame Football Four Horsemen
29%
1930s St. Louis Cardinals Gashouse Gang
29%
1982 Milwaukee Brewers Harvey's Wallbangers
29%
1990s-2000s Houston Astros Killler Bs
29%
2012 USA Olympic Womens Gymastics Team Fierce Five
21%
1970s Bufflo Sabres French Connection
21%
2004 Boston Red Sox Idiots
21%
1970s Dallas Cowboys Doomsday Defense
14%
1990s Jeff Gordon's #24 DuPont NASCAR Team Rainbow Warriors
14%
1950s Philadelphia Phillies Whiz Kids
14%
No matching quizzes found
Score Distribution
Percent of People with Each Score
Percentile by Number Answered
Your Score History
You have not taken this quiz since the last reset